000 01620cam a22003371i 4500
003 SA-RiAUC
005 20250702080433.0
008 250623s1991 su g f000 0 ara c
040 _aSA-JeALM
_bara
_cSA-RiAUC
_erda
043 _aa-su---
050 4 _bS2448 1991
050 1 4 _b. S242 1991
050 4 _bS25 1991
082 0 4 _a025.500953111
_qSA-RiAUC
090 _a025.500953111
_bس ا ل
100 1 _aالسالم، سالم بن محمد ناصر،
_d1374 هجري-
_eمؤلف.
245 1 0 _aخدمات المعلومات بمدينة الملك عبد العزيز للعلوم والتقنية :
_bدراسة ميدانية من وجهة نظر المستفيدين /
_cسالم بن محمد السالم.
264 1 _aالرياض :
_bمكتبة الملك فهد الوطنية،
_c1991
300 _a60 صفحة :
_bجداول ؛
_c24 سم.
336 _aنص
_btxt
_2rdacontent
_3كتاب
337 _aبدون وسيط
_bn
_2rdamedia
338 _aمجلد
_bnc
_2rdacarrier
490 0 _aمطبوعات مكتبة الملك فهد الوطنية ؛
_vالسلسلة الأولى ؛
_v6
504 _aببليوجرافية : صفحة 51-54.
610 2 7 _aمدينة الملك عبد العزيز للعلوم والتقنية (الرياض)
_xخدمات المعلومات
_2aucnm
650 7 _aالخدمة المكتبية
_zالسعودية
_2aucsh
650 7 _aإدارة المكتبات
_zالسعودية
_2aucsh
650 7 _aخدمات المعلومات
_zالسعودية
_2aucsh
942 _2ddc
_cBOOK
_n0
949 _aSA-JeALM
_d250623
_umohamedma123
_n1
999 _c9424
_d9424